Catálogo
 En Linea

Bibliografía general de la Isla de Santo Domingo : (Registro nro. 20893)

Detalles MARC
000 -CABECERA
campo de control de longitud fija 00961nam a2200265 a 4500
001 - NÚMERO DE CONTROL
campo de control 000021393
003 - IDENTIFICADOR DEL NÚMERO DE CONTROL
campo de control DO-SdBNP
005 - FECHA Y HORA DE LA ÚLTIMA TRANSACCIÓN
campo de control 20250409122710.0
008 - DATOS DE LONGITUD FIJA--INFORMACIÓN GENERAL
campo de control de longitud fija 100907s1979 dr b 000 0 spa d
040 ## - FUENTE DE LA CATALOGACIÓN
Centro catalogador/agencia de origen DO-SdBNP
Lengua de catalogación spa
Centro/agencia transcriptor BNPHU
082 #4 - NÚMERO DE LA CLASIFICACIÓN DECIMAL DEWEY
Número de clasificación R 016.97293
Número de documento/Ítem P128b
Número de edición 22
100 1# - ENTRADA PRINCIPAL--NOMBRE DE PERSONA
Nombre de persona Pagán Perdomo, Dato
9 (RLIN) 21572
245 10 - MENCIÓN DE TÍTULO
Título Bibliografía general de la Isla de Santo Domingo :
Resto del título contribución a su estudio /
Mención de responsabilidad, etc. Dato Pagán Perdomo.
260 ## - PUBLICACIÓN, DISTRIBUCIÓN, ETC.
Lugar de publicación, distribución, etc. San Pedro de Macorís :
Nombre del editor, distribuidor, etc. UCE,
Fecha de publicación, distribución, etc. 1979.
300 ## - DESCRIPCIÓN FÍSICA
Extensión 2v. ;
Dimensiones 26 cm.
490 1# - MENCIÓN DE SERIE
Mención de serie Científica
Designación de volumen o secuencia 9
500 ## - NOTA GENERAL
Nota general Incluye índice de autores, titulos y materias
500 ## - NOTA GENERAL
Nota general Incluye datos biográficos del autor en la contraportada
590 ## - NOTA LOCAL (RLIN)
Nota local Inventariado, 2019/MFF
651 #4 - PUNTO DE ACCESO ADICIONAL DE MATERIA--NOMBRE GEOGRÁFICO
Nombre geográfico Isla Española (Haití y República Dominicana)
9 (RLIN) 44648
Subdivisión de forma Bibliografías
710 1# - PUNTO DE ACCESO ADICIONAL--NOMBRE DE ENTIDAD CORPORATIVA
Nombre de entidad corporativa o nombre de jurisdicción como elemento de entrada Universidad Central del Este
9 (RLIN) 37229
830 #0 - PUNTO DE ACCESO ADICIONAL DE SERIE-TÍTULO UNIFORME
Título uniforme Científica
Designación de volumen o secuencia 9
9 (RLIN) 25797
910 ## - DATOS DE OPCIÓN DEL USUARIO (OCLC)
Datos de opción del usuario Validado. Control de calidad MFF
942 ## - ELEMENTOS DE PUNTO DE ACCESO ADICIONAL (KOHA)
Fuente del sistema de clasificación o colocación Dewey Decimal Classification
Tipo de ítem Koha Libro
Existencias
Estado de retiro Estado de pérdida No para préstamo Código de colección Localización permanente Ubicación/localización actual Ubicación en estantería Fecha de adquisición Número de inventario Total de préstamos Signatura topográfica completa Código de barras Fecha visto por última vez Precio válido a partir de Tipo de ítem Koha Nota pública Restricciones de uso
    Excluido de préstamo Dominicana de Servicio Biblioteca Nacional Pedro Henríquez Ureña Biblioteca Nacional Pedro Henríquez Ureña Depósito 08.09.2010 LF1   R 016.97293 P128b | v. 1 21393-10 25.06.2020 25.06.2020 Préstamo en sala Dedicado Préstamo en sala
      Dominicana de Servicio Biblioteca Nacional Pedro Henríquez Ureña Biblioteca Nacional Pedro Henríquez Ureña Depósito 22.03.2011 LF1   R 016.97293 P128b | v. 1, e. 3 21393-120 25.06.2020 25.06.2020 Préstamo en sala Perteneció a la biblioteca personal de Juan Isidro Jimenés Grullón Préstamo en sala
      Dominicana de Servicio Biblioteca Nacional Pedro Henríquez Ureña Biblioteca Nacional Pedro Henríquez Ureña Depósito 22.03.2011 LF1   R 016.97293 P128b | v. 1, e. 4 21393-130 25.06.2020 25.06.2020 Préstamo en sala Perteneció a la biblioteca personal de la Flia. Reyes Duluc Préstamo en sala
    Excluido de préstamo Dominicana de Servicio Biblioteca Nacional Pedro Henríquez Ureña Biblioteca Nacional Pedro Henríquez Ureña Depósito 08.09.2010 LF1   R 016.97293 P128b | v. 1, e. 2 21393-20 25.06.2020 25.06.2020 Préstamo en sala   Préstamo en sala
    Excluido de préstamo Patrimonio Dominicano Patrimonio Dominicano Patrimonio Dominicano Depósito 22.03.2011 LF1   R 016.97293 P128b | v. 1, e.5 21393-140 25.06.2020 25.06.2020 Libro y Folleto Colección Patrimonio Dominicano Perteneció a la biblioteca personal de Juan Isidro Jimenes Grullón.  
    Excluido de préstamo Patrimonio Dominicano Patrimonio Dominicano Patrimonio Dominicano Depósito 22.03.2011 LF1   R 016.97293 P128b | v. 2 21393-150 25.06.2020 25.06.2020 Libro y Folleto Colección Patrimonio Dominicano    
      Patrimonio Dominicano Patrimonio Dominicano Patrimonio Dominicano Depósito 22.03.2011 LF1   R 016.97293 P128b | v. 2, e. 2 21393-160 25.06.2020 25.06.2020 Libro y Folleto Colección Patrimonio Dominicano    
      Patrimonio Dominicano Patrimonio Dominicano Patrimonio Dominicano Depósito 22.03.2011 LF1   R 016.97293 P128b | v. 2, e. 3 21393-170 25.06.2020 25.06.2020 Libro y Folleto Colección Patrimonio Dominicano    
      Patrimonio Dominicano Patrimonio Dominicano Patrimonio Dominicano Depósito 01.07.2011 LF1   R 016.97293 P128b | v. 2, e. 4 21393-180 25.06.2020 25.06.2020 Libro y Folleto Colección Patrimonio Dominicano    
    Excluido de préstamo Patrimonio Dominicano Patrimonio Dominicano Patrimonio Dominicano Depósito 03.10.2013 LF1   R 016.97293 P128b | v.2, e.5 21393-200 25.06.2020 25.06.2020 Libro y Folleto Colección Patrimonio Dominicano    

Con tecnología Koha